Repudiation, termination and quantum meruit (Record no. 77400)

MARC details
000 -LEADER
fixed length control field 01012cab a2200193 4500
001 - CONTROL NUMBER
control field ##L134191
008 - FIXED-LENGTH DATA ELEMENTS--GENERAL INFORMATION
fixed length control field 060717n2006 000 0 eng u
035 ## - SYSTEM CONTROL NUMBER
System control number (Sirsi) u134191
041 0# - LANGUAGE CODE
Language code of text/sound track or separate title eng
100 1# - MAIN ENTRY--PERSONAL NAME
Personal name Bailey, Julian
245 00 - TITLE STATEMENT
Title Repudiation, termination and quantum meruit
260 ## - PUBLICATION, DISTRIBUTION, ETC.
Date of publication, distribution, etc. 2006
490 #0 - SERIES STATEMENT
Series statement Construction Law Journal
Volume/sequential designation 22(4) 2006, 217-240(24)
520 ## - SUMMARY, ETC.
Summary, etc. Discusses whether a contractor is entitled to recover money on a quantum meruit, rather than claim damages, for work done up to point of termination of a contract, and if so, whether the contract price, or the rates and prices specified in the contract, represent a constraint on the contractor's entitlement. Considers at length how the concept of quantum meruit has developed since the 19th century, and looks at its availability as a remedy.
590 ## - LOCAL NOTE (RLIN)
Local note IKA180706
651 #4 - SUBJECT ADDED ENTRY--GEOGRAPHIC NAME
Geographic name England and Wales
Chronological subdivision 1543-
690 ## - LOCAL SUBJECT ADDED ENTRY--TOPICAL TERM (OCLC, RLIN)
Topical term or geographic name as entry element MANAGEMENT-DISPUTE AVOIDANCE, MANAGEMENT AND RESOLUTION-DISPUTE MANAGEMENT AND RESOLUTION
942 ## - ADDED ENTRY ELEMENTS (KOHA)
Suppress in OPAC 0
Holdings
Withdrawn status Lost status Source of classification or shelving scheme Damaged status Not for loan Home library Current library Shelving location Date acquired Total Checkouts Full call number Barcode Date last seen Copy number Price effective from Koha item type
    Dewey Decimal Classification     London London Journal article 17/07/2006   L134191 134191-1001 06/08/2019 1 06/08/2019 Journal article